000 00279nam a22001337a 4500
008 210323b ||||| |||| 00| 0 eng d
041 _aeng
080 _a7
082 _a7
100 _a44
101 _aART
245 _aThe Anatomy of Fashion
_cDowell,C.M
942 _2udc
_cBK
999 _c56692
_d56692